UNA OPINION SOBRE LAS RAZONES QUE MOTIVARON LA NACIONALIZACION DE LA BANCA /

Gorde:
Xehetasun bibliografikoak
Egile nagusia: Bazdresch Parada, Carlos (autor)
Formatua: Liburua
Saila:(Análisis de la Realidad Mexicana ; 15)
Gaiak:
Etiketak: Etiketa erantsi
Etiketarik gabe, Izan zaitez lehena erregistro honi etiketa jartzen!

MARC

LEADER 00000nam^a2200000^a^4500
001 000236054
005 20250521000000.0
009 20260310104835.805
035 |a 059606 
037 |a Acervo Xavier Clavigero 
082 |a 332. 1  |b BAZ 
100 |a Bazdresch Parada, Carlos  |e (autor) 
245 1 4 |a UNA OPINION SOBRE LAS RAZONES QUE MOTIVARON LA NACIONALIZACION DE LA BANCA /  |c CARLOS BAZDRESCH PARADA 
264 |a MEXICO :  |b UIA,  |c 1984 
300 |a 36 p. 
336 |a texto  |b txt  |2 rdacontenido 
337 |a sin mediación  |b n  |2 rdamedio 
338 |a volumen  |b nc  |2 rdasoporte 
440 |a (Análisis de la Realidad Mexicana ;  |v 15) 
649 |a XX 
650 |a BANCO Y OPERACIONES BANCARIAS -  |x MEXICO 
910 |a Fondo General 
920 |a Impresos - Libros 
930 |a Colección General 
905 |a 101 
901 |a 059606  |b IT1  |c ACC  |i 059606  |u 20250521 
902 |a https://opac.biblio.iteso.mx/vufind/Record/000236054